00585nam a2200193Ia 4500003000400000005001700004008004100021040000700062041000800069082001500077100003600092245003100128260004000159300000900199650002000208942001300228999001900241952013100260OSt20260428151037.0250729s2009 xx 000 0 und d cAL akan a900.7 SHIA aDr.S.n.Shivarudra Swamy9230951 aAdhunikha uropina ithihasa aThipaturubPourasy Prakashanac2009 a502p aHistory9230952 2ddccBED c239038d239038 00104070aALbALd2025-07-29eManagement Booksg175.00l0o900.7 SHIApBED04357r2025-07-29 16:57:12v175.00w2025-07-29yBK